Textbook of psychiatric nursing : (Record no. 10211)

MARC details
000 -LEADER
fixed length control field 00504nam a22001817a 4500
005 - DATE AND TIME OF LATEST TRANSACTION
control field 20260306055942.0
008 - FIXED-LENGTH DATA ELEMENTS--GENERAL INFORMATION
fixed length control field 210430b ||||| |||| 00| 0 eng d
020 ## - INTERNATIONAL STANDARD BOOK NUMBER
International Standard Book Number 9788192406015
082 ## - DEWEY DECIMAL CLASSIFICATION NUMBER
Classification number 610.7368 KAP
100 ## - MAIN ENTRY--PERSONAL NAME
Personal name Kapoor, Bimla.
245 ## - TITLE STATEMENT
Title Textbook of psychiatric nursing :
Statement of responsibility, etc. volume II.
250 ## - EDITION STATEMENT
Edition statement 3rd ed.
260 ## - PUBLICATION, DISTRIBUTION, ETC.
Place of publication, distribution, etc. New Delhi :
Name of publisher, distributor, etc. Kumar Publishing House ;
Date of publication, distribution, etc. 2024.
300 ## - PHYSICAL DESCRIPTION
Extent 492 p.
Dimensions 26 cm.
500 ## - GENERAL NOTE
General note Includes index.
650 ## - SUBJECT ADDED ENTRY--TOPICAL TERM
Topical term or geographic name entry element Psychiatric nursing.
942 ## - Added entry Elements (Koha)
Source of classification or shelving scheme Dewey Decimal Classification
Koha item type Main
Holdings
Withdrawn status Lost status Source of classification or shelving scheme Damaged status Not for loan Home library Current library Shelving location Date acquired Inventory number Full call number Barcode Date last seen Copy number Price effective from Koha item type Public note Total Checkouts
    Dewey Decimal Classification     RTC Library RTC Library Main opac 09/04/2025 190265 610.7368 KAP 30020479 09/04/2025 c1 09/04/2025 Main Nu.400  
    Dewey Decimal Classification     RTC Library RTC Library Main opac 09/04/2025 190266 610.7368 30020480 09/04/2025 c2 09/04/2025 Main    
    Dewey Decimal Classification     RTC Library RTC Library Main opac 09/04/2025 190267 610.7368 30020481 09/04/2025 c3 09/04/2025 Main    
    Dewey Decimal Classification     RTC Library RTC Library Main opac 09/04/2025 190268 610.7368 30020482 09/04/2025 c4 09/04/2025 Main    
Royal Thimphu College || All Right Reserved